| 000 | 00936nas a2200301 4500 | ||
|---|---|---|---|
| 001 | BR2012004607 | ||
| 003 | BR-BrBNA | ||
| 005 | 20231205120749.0 | ||
| 007 | ta | ||
| 008 | 230509b bl.|||p| |||| 00| 00por d | ||
| 040 |
_aBR-BrBNA _bpor _cBiblioteca Nacional de Agricultura |
||
| 041 | _a(Pt) | ||
| 072 | _aL73 | ||
| 100 | 1 | _aAlmeida, A.J. de | |
| 100 | 1 | _aOliveira, C.R. de | |
| 100 | 1 | _aCarvalho, E.C.Q. de | |
| 100 | 1 | _aMayen, F.L. | |
| 245 | 1 | _aMixomatose em coelhos (Oryctolagus cuniculus)em Quissamã, RJ | |
| 246 | 1 | _aMixomatosis in rabbits (Oryctolagus cuniculus)in Quissamã, RJ | |
| 650 | _aCOELHO | ||
| 650 | _aMIXOMATOSE | ||
| 650 | _aVÍRUS | ||
| 650 | _aDOENÇA ANIMAL | ||
| 650 | _aHISTOPATOLOGIA | ||
| 773 | 0 |
_tRevista Brasileira de Medicina Veterinária (Brazil) _xISSN 0100-2430 _g(Apr-Jun 2009), v. 31(2) p.71-74 _wBR2012004607 |
|
| 909 |
_a202311 _bLúcia _c55 _dLúcia Elande |
||
| 942 |
_2AGRIS _n0 _cANA |
||
| 999 |
_c220187 _d220187 |
||